[Event "67th ch-RUS w 2017"]
[Site "St Petersburg RUS"]
[Date "2017.12.11"]
[Round "8.6"]
[White "Galliamova, Alisa"]
[Black "Gunina, Valentina"]
[Result "1/2-1/2"]
[WhiteTitle "IM"]
[BlackTitle "GM"]
[WhiteElo "2443"]
[BlackElo "2510"]
[WhiteFideId "4129725"]
[BlackFideId "4167570"]
[EventDate "2017.12.03"]

1. Nf3 Nf6 2. c4 e6 3. g3 d5 4. Bg2 Bd6 5. O-O O-O 6. d4 c6 7. Qc2 Nbd7 8. Nbd2
Re8 9. Rd1 h6 10. e4 e5 11. exd5 cxd5 12. cxd5 e4 13. Nh4 Nb6 14. Nxe4 Bg4 15.
f3 Nxe4 16. fxg4 Bxg3 17. hxg3 Nxg3 18. Nf3 Ne2+ 19. Kf2 Rc8 20. Qb3 Qd6 21. Ne5
Nxd4 22. Rxd4 Qxe5 23. Re4 Qf6+ 24. Kg3 Rxe4 25. Bxe4 Qf1 26. Qe3 Re8 27. Bh7+
Kxh7 28. Qxe8 Qg1+ 29. Kh3 Qh1+ 30. Kg3 Qg1+ 31. Kh3 Qh1+ 32. Kg3 Qg1+ 1/2-1/2

[Event "67th ch-RUS w 2017"]
[Site "St Petersburg RUS"]
[Date "2017.12.12"]
[Round "9.2"]
[White "Gritsayeva, Oksana"]
[Black "Galliamova, Alisa"]
[Result "1/2-1/2"]
[WhiteTitle "WFM"]
[BlackTitle "IM"]
[WhiteElo "2373"]
[BlackElo "2443"]
[WhiteFideId "14104652"]
[BlackFideId "4129725"]
[EventDate "2017.12.03"]

1. e4 e5 2. Nf3 Nc6 3. Bb5 a6 4. Bxc6 dxc6 5. Nc3 Qd6 6. d4 exd4 7. Nxd4 c5 8.
Nd5 Qd8 9. Qh5 Bd6 10. Bg5 Ne7 11. Nb3 c6 12. Ne3 O-O 13. Rd1 Qc7 14. Nc4 Bf4
15. Nxc5 Ng6 16. O-O b5 17. Bxf4 Qxf4 18. Ne3 f5 19. exf5 Bxf5 20. g3 Qe5 21. b4
a5 22. a3 axb4 23. axb4 Ra2 24. Nxf5 Qxf5 25. Qxf5 Rxf5 26. Rd8+ Rf8 27. Rxf8+
Kxf8 28. Ne6+ Kf7 29. Nd4 Ne7 30. Rc1 Rb2 31. c3 g5 32. h3 Ra2 33. Kg2 Ra3 34.
c4 Ra4 35. cxb5 cxb5 36. Rc7 Kf6 37. Nxb5 Rxb4 38. Nc3 Rd4 39. Kf3 h6 40. Ne4+
Ke6 41. Ra7 Nc6 42. Rh7 Ne5+ 43. Ke3 Rd3+ 44. Ke2 Kf5 45. Re7 Ra3 46. Nd6+ Kf6
47. Rh7 Kg6 48. Rc7 Ra2+ 49. Ke3 Ra6 50. Nb5 Ra1 51. Ke4 Re1+ 52. Kd5 Nd3 53.
Rc6+ Kg7 54. Rc7+ 1/2-1/2

[Event "67th ch-RUS w 2017"]
[Site "St Petersburg RUS"]
[Date "2017.12.12"]
[Round "9.3"]
[White "Nechaeva, Marina"]
[Black "Bodnaruk, Anastasia"]
[Result "1/2-1/2"]
[WhiteTitle "IM"]
[BlackTitle "IM"]
[WhiteElo "2424"]
[BlackElo "2428"]
[WhiteFideId "4149351"]
[BlackFideId "4181751"]
[EventDate "2017.12.03"]

1. d4 Nf6 2. c4 g6 3. Nc3 Bg7 4. e4 d6 5. f3 O-O 6. Be3 c5 7. dxc5 dxc5 8. Qxd8
Rxd8 9. Bxc5 Nc6 10. Nge2 b6 11. Ba3 a5 12. Nd5 Nxd5 13. cxd5 Nb4 14. O-O-O
Nxa2+ 15. Kb1 Nb4 16. Nd4 Bd7 17. Bc4 Rac8 18. Bb3 Be8 19. Rhe1 e5 20. Bxb4 axb4
21. Nc6 Bxc6 22. dxc6 Rxd1+ 23. Rxd1 Rxc6 24. Rd7 Rf6 25. Rd8+ Bf8 26. Re8 Kg7
27. Rxe5 Bd6 28. Rd5 Bxh2 29. Rb5 Rd6 30. Bd5 f5 31. Rxb4 fxe4 32. Bxe4 Kf6 33.
Rc4 Bg1 34. Rc6 Rxc6 35. Bxc6 Ke5 36. Kc2 Kf4 37. Kd3 Kg3 38. f4 Kxf4 39. Ke2
Kg4 40. Kf1 Bc5 41. b3 h5 42. Bd5 g5 43. Bf3+ Kh4 44. g3+ Kxg3 45. Bxh5 g4 46.
Bf7 Kf3 47. Bd5+ Kg3 1/2-1/2

[Event "67th ch-RUS w 2017"]
[Site "St Petersburg RUS"]
[Date "2017.12.12"]
[Round "9.4"]
[White "Kashlinskaya, Alina"]
[Black "Girya, Olga"]
[Result "1/2-1/2"]
[WhiteTitle "IM"]
[BlackTitle "WGM"]
[WhiteElo "2452"]
[BlackElo "2484"]
[WhiteFideId "4198026"]
[BlackFideId "4195752"]
[EventDate "2017.12.03"]

1. d4 Nf6 2. c4 e6 3. Nf3 d5 4. Nc3 Bb4 5. cxd5 exd5 6. Bf4 O-O 7. e3 c5 8. dxc5
Ne4 9. Rc1 Bg4 10. Be2 Nc6 11. O-O Nxc3 12. bxc3 Bxc5 13. Qb3 Bb6 14. Rfd1 Ne7
15. Bg5 f6 16. Bf4 Kh8 17. h3 Be6 18. Nd4 Bg8 19. Bh2 Rc8 20. Bf3 Rc5 21. Qb1
Qd7 22. Bg3 Rd8 23. Be2 Qe8 24. Nb3 Rcc8 25. Nd4 Ng6 26. Bh5 Bf7 27. Bg4 Rc5 28.
Nb3 Rc4 29. Nd4 Rc5 30. Nb3 Rc4 31. Nd4 1/2-1/2

[Event "67th ch-RUS w 2017"]
[Site "St Petersburg RUS"]
[Date "2017.12.12"]
[Round "9.5"]
[White "Kovalevskaya, Ekaterina"]
[Black "Goryachkina, Aleksandra"]
[Result "0-1"]
[WhiteTitle "IM"]
[BlackTitle "WGM"]
[WhiteElo "2405"]
[BlackElo "2486"]
[WhiteFideId "4116704"]
[BlackFideId "4147103"]
[EventDate "2017.12.03"]

1. e4 e6 2. d4 d5 3. exd5 exd5 4. Nf3 Nc6 5. Bb5 Bd6 6. c4 dxc4 7. d5 a6 8. Ba4
b5 9. dxc6 bxa4 10. O-O Ne7 11. Qxa4 O-O 12. Nbd2 Rb8 13. Qxc4 Bf5 14. Re1 Bd3
15. Qc3 Bb4 16. Qd4 Nxc6 17. Qxd8 Rfxd8 18. a3 Bf8 19. Nf1 Bd6 20. Ng3 Na5 21.
b4 Nb3 22. Ra2 a5 23. bxa5 c5 24. Bb2 Nxa5 25. Bc3 Nc6 26. Ne4 Bf8 27. Ned2 c4
28. g3 Ra8 29. Rea1 Ra4 30. Ne5 Nxe5 31. Bxe5 f6 32. Bc3 Rda8 33. Kg2 Rxa3 34.
Rxa3 Rxa3 35. Rxa3 Bxa3 36. f4 Kf7 37. Kf3 Ke6 38. g4 Kd5 39. g5 fxg5 40. fxg5
g6 41. h4 Bc5 42. Kf4 Bd6+ 43. Ke3 Bg3 44. Nf3 Be4 45. Nd2 Bg2 46. Bf6 Bxh4 47.
Nb1 Ke6 48. Na3 Bf1 49. Kf4 h6 50. Kg4 Be1 51. Nb5 h5+ 52. Kf4 h4 53. Nc7+ 0-1

[Event "67th ch-RUS w 2017"]
[Site "St Petersburg RUS"]
[Date "2017.12.12"]
[Round "9.6"]
[White "Ovod, Evgenija"]
[Black "Shuvalova, Polina"]
[Result "1-0"]
[WhiteTitle "IM"]
[BlackTitle "WIM"]
[WhiteElo "2364"]
[BlackElo "2385"]
[WhiteFideId "4131827"]
[BlackFideId "24171760"]
[EventDate "2017.12.03"]

1. e4 c6 2. d4 d5 3. exd5 cxd5 4. Bd3 Nc6 5. c3 Qc7 6. Ne2 Bg4 7. O-O e6 8. Qe1
Bxe2 9. Qxe2 Nf6 10. Nd2 Bd6 11. Nf3 O-O 12. Re1 a6 13. Ne5 Nd7 14. Bf4 g6 15.
h4 Rfe8 16. h5 Ndxe5 17. dxe5 Bf8 18. hxg6 fxg6 19. Rad1 Bg7 20. Bb1 Rf8 21. Bg3
b5 22. a4 Rab8 23. axb5 axb5 24. Qg4 Rfe8 25. f4 Na5 26. b4 Nc4 27. Rc1 Qf7 28.
Bf2 Rec8 29. Bd4 Ra8 30. Re2 Ra1 31. Kh2 Rca8 32. Rce1 R8a6 33. g3 Qe7 34. Kh3
Na3 35. Bd3 Rxe1 36. Rxe1 Nc4 37. Qe2 Qf8 38. Rf1 Qa8 39. Rf2 Ra1 40. Qg4 Qe8
41. Kh2 Qe7 42. Bc5 Qe8 43. Qh3 Qc6 44. Qg2 Qa8 45. Be2 Bf8 46. Bd4 Ra6 47. Bd3
Bg7 48. g4 Ra1 49. Re2 Bh6 50. Kg3 Qa3 51. g5 Rd1 52. Qf3 Bf8 53. Rh2 Rd2 54.
Bxc4 Rxh2 55. Bxd5 Rd2 56. Bxe6+ Kh8 57. Bf7 Bxb4 58. e6+ Rxd4 59. cxd4 Qa1 60.
Qe3 Qe1+ 61. Qxe1 Bxe1+ 62. Kf3 Kg7 63. Be8 b4 64. e7 b3 65. Bxg6 1-0

[Event "67th ch-RUS w 2017"]
[Site "St Petersburg RUS"]
[Date "2017.12.13"]
[Round "10.2"]
[White "Goryachkina, Aleksandra"]
[Black "Ovod, Evgenija"]
[Result "1-0"]
[WhiteTitle "WGM"]
[BlackTitle "IM"]
[WhiteElo "2486"]
[BlackElo "2364"]
[WhiteFideId "4147103"]
[BlackFideId "4131827"]
[EventDate "2017.12.03"]

1. e4 c5 2. Nf3 e6 3. c3 d5 4. exd5 Qxd5 5. d4 Nf6 6. Na3 Nc6 7. Be3 cxd4 8. Nb5
Qd8 9. Nbxd4 Nd5 10. Nxc6 bxc6 11. Bd2 Bc5 12. Be2 Qb6 13. O-O Qxb2 14. Qa4 Qb7
15. Rab1 Qc7 16. c4 Ne7 17. g3 a5 18. Bf4 Qa7 19. Ne5 O-O 20. Bf3 Bd7 21. Rb3 f6
22. Nxc6 e5 23. Be3 Bxc6 24. Bxc6 Nxc6 25. Qxc6 Bxe3 26. Rxe3 Rfd8 27. c5 Qf7
28. Rb3 Rac8 29. Qb6 a4 30. Rb2 Qc4 31. Qa7 Qxc5 32. Qxa4 Rc7 33. Rfb1 Qd5 34.
Rb5 Qe6 35. Rb8 Rxb8 36. Rxb8+ Kf7 37. Qa3 Qd5 38. Rb1 Kg6 39. Qb3 Qd2 40. Rd1
Rc1 41. Rxc1 Qxc1+ 42. Kg2 Qc6+ 43. Qf3 e4 44. Qe3 h5 45. h4 Kf5 46. Qf4+ Ke6
47. Kg1 Qd5 48. Qb8 Kf5 49. Qc8+ Kg6 50. Qc2 Kh6 51. a4 e3 52. fxe3 Qf3 53. Kh2
Qxe3 54. a5 Qa3 55. Qd2+ g5 56. Kg2 Kg6 57. Qc2+ Kh6 58. Qc7 gxh4 59. gxh4 Qd3
60. Qf4+ Kh7 61. Qb4 Kg6 62. Qe1 Kf7 63. Qb4 Kg6 64. Kf2 Kf5 65. Ke1 Kg6 66. Qb6
Qe4+ 67. Kd2 Qg2+ 68. Kc3 Qg3+ 69. Kc2 Qg2+ 70. Kb3 Qg3+ 71. Kb2 Qe5+ 72. Ka2
Qd5+ 73. Ka3 Qd3+ 74. Kb4 Qe4+ 75. Kb5 Qd5+ 76. Qc5 Qb7+ 77. Kc4 Qe4+ 78. Kb5
Qb7+ 79. Ka4 Qe4+ 80. Qb4 Qc6+ 81. Ka3 Qc1+ 82. Ka2 Qc2+ 83. Ka1 Qc6 84. Qb3 Kg7
85. Kb2 Kf8 86. Qb6 Qg2+ 87. Ka3 Qf3+ 88. Ka4 Qd1+ 89. Kb5 Ke7 90. Qc7+ Ke6 91.
Qc6+ Ke7 92. a6 Qb3+ 93. Ka5 Qa3+ 94. Kb6 Qb4+ 95. Kc7 Qf4+ 96. Kb7 Qb4+ 97. Kc8
Qd4 98. Qb7+ Ke8 99. Qc6+ Ke7 100. Kb8 Kd8 101. Qc8+ Ke7 102. a7 Qxh4 103. a8=Q
Qf4+ 104. Qc7+ 1-0

[Event "67th ch-RUS w 2017"]
[Site "St Petersburg RUS"]
[Date "2017.12.13"]
[Round "10.3"]
[White "Girya, Olga"]
[Black "Kovalevskaya, Ekaterina"]
[Result "1/2-1/2"]
[WhiteTitle "WGM"]
[BlackTitle "IM"]
[WhiteElo "2484"]
[BlackElo "2405"]
[WhiteFideId "4195752"]
[BlackFideId "4116704"]
[EventDate "2017.12.03"]

1. d4 Nf6 2. c4 c5 3. d5 b5 4. cxb5 a6 5. bxa6 g6 6. Nc3 Bg7 7. e4 O-O 8. a4 e6
9. Nf3 exd5 10. e5 Ng4 11. Bg5 Qa5 12. Qxd5 Nc6 13. Bb5 Bxa6 14. O-O Ngxe5 15.
Nxe5 Nxe5 16. Be7 Rfc8 17. Bxc5 Ng4 18. Bxa6 Rxa6 19. Qxd7 Rxc5 20. Qxg4 Bxc3
21. bxc3 Qxc3 22. Rfd1 Rc4 23. Qd7 Kg7 24. h3 Qb2 25. Rab1 Qf6 26. Ra1 Qb2 27.
Rab1 Qf6 28. Rb8 Rcxa4 29. Qe8 Kh6 30. Rd3 Ra1+ 31. Kh2 Qf4+ 32. Rg3 Qxf2 33.
Qf8+ Kh5 34. Rb5+ f5 35. Qc5 Qxc5 36. Rxc5 Kh6 37. Rgc3 Rd1 38. Rc1 Rd2 39. R1c2
Rd1 40. Rc1 Rdd6 41. Rc7 Re6 42. R1c2 Ra1 43. Rc1 Rxc1 44. Rxc1 Kg5 45. Rc7 h5
46. Rc2 Kf4 47. Rf2+ Ke3 48. Rf3+ Ke4 49. Ra3 g5 50. Ra4+ Ke5 51. Kg3 Rd6 52.
Ra2 Rd3+ 53. Kf2 Ke4 54. Re2+ Kf4 55. Ra2 h4 56. Rb2 Rd4 57. Ra2 Rb4 58. Re2 Rc4
59. Ra2 Rd4 60. Re2 Rd3 61. Ra2 g4 62. Ra4+ Kg5 63. hxg4 fxg4 64. Ra1 Rd2+ 65.
Kg1 Re2 66. Kf1 Re4 67. Kf2 Rb4 68. Rc1 Kf4 69. Re1 Rb2+ 70. Kg1 Rb3 71. Kf2 Ra3
72. Rb1 g3+ 73. Kg1 Ke3 74. Rf1 Ke2 75. Rb1 Rd3 76. Ra1 Rd4 77. Ra2+ Ke3 78. Ra1
Kf4 79. Rf1+ Kg4 80. Ra1 Rb4 81. Rc1 h3 82. gxh3+ Kxh3 83. Ra1 Rb2 84. Rc1 Rb3
85. Ra1 g2 86. Rc1 Re3 87. Ra1 Kg3 88. Ra3 Rf3 89. Ra1 Re3 1/2-1/2

[Event "67th ch-RUS w 2017"]
[Site "St Petersburg RUS"]
[Date "2017.12.13"]
[Round "10.4"]
[White "Bodnaruk, Anastasia"]
[Black "Kashlinskaya, Alina"]
[Result "1-0"]
[WhiteTitle "IM"]
[BlackTitle "IM"]
[WhiteElo "2428"]
[BlackElo "2452"]
[WhiteFideId "4181751"]
[BlackFideId "4198026"]
[EventDate "2017.12.03"]

1. e4 e5 2. Nf3 Nc6 3. Bc4 Bc5 4. c3 Nf6 5. d4 exd4 6. e5 d5 7. Bb5 Ne4 8. cxd4
Bb6 9. Nc3 O-O 10. Be3 Bg4 11. h3 Bh5 12. Qc2 Kh8 13. Bxc6 bxc6 14. Nxe4 Bg6 15.
Qxc6 Bxe4 16. Nd2 Bd3 17. Qc3 Ba6 18. a4 c5 19. dxc5 Bc7 20. Bd4 Re8 21. f4 f6
22. Nf3 Rb8 23. Kf2 Ba5 24. Qc2 Rb4 25. Rad1 Rc4 26. Qf5 Bc8 27. Qh5 Qe7 28.
exf6 Rc2+ 29. Kg3 Qe4 30. Rhe1 Bxe1+ 31. Rxe1 Re2 32. Rxe2 Qxe2 33. Qf7 1-0

[Event "67th ch-RUS w 2017"]
[Site "St Petersburg RUS"]
[Date "2017.12.13"]
[Round "10.5"]
[White "Galliamova, Alisa"]
[Black "Nechaeva, Marina"]
[Result "1/2-1/2"]
[WhiteTitle "IM"]
[BlackTitle "IM"]
[WhiteElo "2443"]
[BlackElo "2424"]
[WhiteFideId "4129725"]
[BlackFideId "4149351"]
[EventDate "2017.12.03"]

1. d4 d5 2. c4 c6 3. e3 Nf6 4. Qc2 Bg4 5. Ne2 Bh5 6. Nf4 Bg6 7. Nxg6 hxg6 8. Nd2
e6 9. Be2 Nbd7 10. O-O Bd6 11. g3 O-O 12. e4 dxe4 13. Nxe4 Nxe4 14. Qxe4 Nf6 15.
Qd3 e5 16. Be3 exd4 17. Qxd4 Qc7 18. Rad1 Be5 19. Qd2 Rad8 20. Qc2 c5 21. a3 a5
22. Bf3 b6 23. Rxd8 Rxd8 24. Re1 Bd4 25. Bf4 Qd7 26. Kg2 a4 27. b3 axb3 28. Qxb3
Re8 29. Rxe8+ Qxe8 30. Qd1 Qe7 31. h3 Nd7 32. Qb1 Qf6 33. h4 Ne5 34. Bxe5 Bxe5
35. Qb5 Bd4 36. Qe8+ Kh7 37. Qe2 Qe5 38. Qxe5 Bxe5 39. Bd5 f5 40. Bf7 Kh6 41. f3
Bb2 42. a4 Be5 43. g4 fxg4 44. fxg4 Bc3 45. Kh3 Be1 46. Be8 Bf2 47. Bd7 g5 48.
h5 g6 49. Be8 gxh5 50. gxh5 Be1 51. Kg4 Bd2 52. Kf5 1/2-1/2

[Event "67th ch-RUS w 2017"]
[Site "St Petersburg RUS"]
[Date "2017.12.13"]
[Round "10.6"]
[White "Gunina, Valentina"]
[Black "Gritsayeva, Oksana"]
[Result "0-1"]
[WhiteTitle "GM"]
[BlackTitle "WFM"]
[WhiteElo "2510"]
[BlackElo "2373"]
[WhiteFideId "4167570"]
[BlackFideId "14104652"]
[EventDate "2017.12.03"]

1. e4 d6 2. d4 Nf6 3. Nc3 e5 4. Nf3 exd4 5. Nxd4 Be7 6. Bf4 O-O 7. Qd2 d5 8. e5
Nh5 9. Bg3 c5 10. Nb3 d4 11. Nb5 a6 12. Na3 Nc6 13. O-O-O Nxg3 14. hxg3 Nxe5 15.
Rh5 Ng4 16. Bd3 g6 17. Rxc5 Bxc5 18. Nxc5 Qe7 19. b4 Re8 20. Nc4 Qf6 21. Ne4
Rxe4 22. Bxe4 Nxf2 23. Qxd4 Nxe4 24. Qxe4 Be6 25. Qe5 Qxe5 26. Nxe5 Bxa2 27. Rd7
b5 28. Nc6 Re8 29. Ra7 Re2 30. Rxa6 Bc4 31. Ra3 h5 32. Na5 Be6 33. Nb7 Rxg2 34.
Nd6 g5 35. Nxb5 h4 36. gxh4 gxh4 37. Nd4 Bg4 38. b5 h3 39. b6 h2 40. b7 h1=Q+
41. Kb2 Rxc2+ 42. Nxc2 Qxb7+ 43. Rb3 Qe4 44. Rb4 Qe5+ 45. Nd4 Qc5 46. Ra4 Bd1 0-1

[Event "67th ch-RUS w 2017"]
[Site "St Petersburg RUS"]
[Date "2017.12.14"]
[Round "11.2"]
[White "Nechaeva, Marina"]
[Black "Gunina, Valentina"]
[Result "1/2-1/2"]
[WhiteTitle "IM"]
[BlackTitle "GM"]
[WhiteElo "2424"]
[BlackElo "2510"]
[WhiteFideId "4149351"]
[BlackFideId "4167570"]
[EventDate "2017.12.03"]

1. d4 Nf6 2. c4 e6 3. Nc3 Bb4 4. Nf3 O-O 5. Bg5 c5 6. e3 cxd4 7. exd4 d5 8. Rc1
h6 9. Bh4 Nc6 10. Bd3 dxc4 11. Bxc4 b6 12. O-O Bb7 13. a3 Be7 14. Ba2 Nh5 15.
Bxe7 Nxe7 16. Re1 Nf4 17. Ne4 Neg6 18. Bc4 Rc8 19. Bf1 Rxc1 20. Qxc1 Qd5 21. Qe3
Qh5 22. Ne5 Rd8 23. Nxg6 Nxg6 24. Nc3 Nh4 25. Rd1 Bf3 26. Rd3 Ba8 27. h3 Qg6 28.
d5 Bxd5 29. Nxd5 exd5 30. Qe7 Qf6 31. Qxa7 Re8 32. Qa4 Re1 33. Rxd5 Ng6 34. Qd4
Qc6 35. Rd8+ Kh7 36. Qd3 Qc1 37. g3 Qxb2 38. h4 h5 39. Kg2 Qf6 40. Rd5 Re5 41.
Rd6 Re6 42. Rxe6 Qxe6 43. Be2 Qe5 44. Bf3 Qc5 45. a4 Kg8 46. Qd1 Ne5 47. Bxh5
Qc6+ 48. Kg1 f5 49. Be2 Qe4 50. Qb3+ Kh7 51. Qe3 Qxe3 52. fxe3 g5 53. Kf2 Kh6
54. Bd1 Nd3+ 55. Ke2 Nc5 56. Kf3 Nd3 57. Bb3 Kh5 58. Bf7+ Kh6 59. Be8 Nc5 60.
Kf2 Ne4+ 61. Kg2 Nc5 62. Kf3 Nd3 63. e4 fxe4+ 64. Kxe4 Nc5+ 65. Kf5 gxh4 66.
gxh4 Nxa4 67. Bxa4 1/2-1/2

[Event "67th ch-RUS w 2017"]
[Site "St Petersburg RUS"]
[Date "2017.12.14"]
[Round "11.3"]
[White "Kashlinskaya, Alina"]
[Black "Galliamova, Alisa"]
[Result "1-0"]
[WhiteTitle "IM"]
[BlackTitle "IM"]
[WhiteElo "2452"]
[BlackElo "2443"]
[WhiteFideId "4198026"]
[BlackFideId "4129725"]
[EventDate "2017.12.03"]

1. d4 Nf6 2. c4 e6 3. Nf3 b6 4. g3 Ba6 5. Qc2 c6 6. e4 d5 7. cxd5 Bxf1 8. Kxf1
exd5 9. e5 Ne4 10. Kg2 Be7 11. Nbd2 Nxd2 12. Bxd2 O-O 13. h4 f5 14. exf6 Bxf6
15. Ng5 Bxg5 16. hxg5 g6 17. Rh6 Qd6 18. Rah1 Rf7 19. Bf4 Rxf4 20. gxf4 Nd7 21.
Rxh7 Nf8 22. Rh8+ Kf7 23. R1h7+ Nxh7 24. Rxa8 Qd7 25. Qe2 Nf8 26. Kg3 1-0

[Event "67th ch-RUS w 2017"]
[Site "St Petersburg RUS"]
[Date "2017.12.14"]
[Round "11.4"]
[White "Kovalevskaya, Ekaterina"]
[Black "Bodnaruk, Anastasia"]
[Result "1/2-1/2"]
[WhiteTitle "IM"]
[BlackTitle "IM"]
[WhiteElo "2405"]
[BlackElo "2428"]
[WhiteFideId "4116704"]
[BlackFideId "4181751"]
[EventDate "2017.12.03"]

1. e4 c5 2. Nf3 d6 3. c3 Nf6 4. Bd3 Nc6 5. O-O Bg4 6. Bc2 e6 7. h3 Bh5 8. d3 Be7
9. Nbd2 Qc7 10. Re1 O-O-O 11. a3 g5 12. Nc4 g4 13. hxg4 Nxg4 14. d4 cxd4 15.
cxd4 d5 16. exd5 Rxd5 17. Be4 Rxd4 18. Qc2 Bg6 19. Ncd2 Bxe4 20. Nxe4 Rd5 21. b4
Rg8 22. Bb2 Kb8 23. Rad1 Rgd8 24. Rxd5 Rxd5 25. Qc4 Qb6 26. Rf1 h5 27. Bc1 Qb5
28. Bf4+ Ka8 29. Qxb5 Rxb5 30. Nc3 Rf5 31. Bg3 Nf6 32. Rd1 Nd5 33. Ne4 h4 34.
Bd6 Bd8 35. b5 Na5 36. Rc1 Nb6 37. Ne5 a6 38. bxa6 bxa6 39. Nc5 Nc8 40. Rd1 Nb7
41. Nxb7 Kxb7 42. Nc4 Rd5 43. Rb1+ Kc6 44. Bf4 Bc7 45. Be3 f6 46. Kf1 Ne7 47.
Nb6 Rb5 48. Rc1+ Kd6 49. Na4 Nd5 50. Bc5+ Kd7 51. Rc4 Nf4 52. Nc3 Rb3 53. Be3
Be5 54. Ne4 Rb1+ 55. Rc1 Rxc1+ 56. Bxc1 Nd3 57. Be3 f5 58. Nd2 f4 59. Bb6 Bf6
60. Ke2 Ne5 61. Bd4 Kc6 62. Bxe5 Bxe5 63. Kd3 Kd5 64. f3 Bd4 65. Ne4 Bg7 66. Nd2
Bf8 67. Nc4 Kc5 68. Ne5 Kb5 69. Nc4 Ka4 70. Ke4 Kb3 71. Na5+ Kxa3 72. Kxf4 Kb4
73. Nb7 a5 74. Nxa5 Bd6+ 75. Kg5 Kxa5 76. Kxh4 Kb5 77. Kg5 Kc5 78. Kf6 Kd5 79.
g4 Bc7 80. Ke7 Bf4 81. Kf6 Be5+ 82. Kf7 Bf4 83. Kf6 Bg3 84. g5 Be5+ 85. Kf7 Bh8
86. g6 Ke5 87. g7 Bxg7 88. Kxg7 Kf4 89. Kf6 Kxf3 90. Kxe6 1/2-1/2

[Event "67th ch-RUS w 2017"]
[Site "St Petersburg RUS"]
[Date "2017.12.14"]
[Round "11.5"]
[White "Ovod, Evgenija"]
[Black "Girya, Olga"]
[Result "1/2-1/2"]
[WhiteTitle "IM"]
[BlackTitle "WGM"]
[WhiteElo "2364"]
[BlackElo "2484"]
[WhiteFideId "4131827"]
[BlackFideId "4195752"]
[EventDate "2017.12.03"]

1. e4 c6 2. d4 d5 3. exd5 cxd5 4. Bd3 Nc6 5. c3 Nf6 6. Bf4 Bg4 7. Qb3 Qd7 8. Nd2
e6 9. Ngf3 Bd6 10. Bxd6 Qxd6 11. Qxb7 Rb8 12. Qa6 O-O 13. O-O Rb6 14. Qa3 Qxa3
15. bxa3 Rc8 16. Rab1 Bxf3 17. Nxf3 Na5 18. Rxb6 axb6 19. Rc1 Nc4 20. Bxc4 dxc4
21. Nd2 Nd5 22. Kf1 Kf8 23. g3 Ke7 24. Ke2 h5 25. h4 Nf6 26. Kd1 Nd5 27. Kc2 Kd7
28. Rb1 f6 29. a4 Ra8 30. Nxc4 Rxa4 31. Nxb6+ Nxb6 32. Rxb6 Rxa2+ 33. Kd3 Rxf2
34. Rb7+ Kd6 35. Rxg7 e5 36. dxe5+ Kxe5 37. Kc4 Kd6 38. Rh7 Rf3 39. Rxh5 Rxg3
40. Rh8 f5 41. h5 Rg4+ 42. Kb5 f4 43. h6 f3 44. h7 f2 45. Rf8 Rh4 46. Rxf2 Rxh7
47. Kb6 Kd7 48. c4 Rh1 49. Rf7+ Kc8 50. c5 Rc1 51. Rh7 Rc2 52. Kc6 Kb8 53. Rb7+
Kc8 54. Ra7 Kb8 55. Ra4 Rc1 56. Rh4 Rc2 57. Rg4 Rc1 58. Rf4 Rc2 59. Re4 Rc1 60.
Rd4 Kc8 61. Rd2 Rc3 62. Rg2 Kb8 63. Rg8+ Ka7 64. Rc8 Rh3 65. Re8 Rc3 66. Re1 Kb8
67. Rb1+ Kc8 68. Kb6 Kd7 69. Rd1+ Kc8 70. Kc6 Rc2 71. Rf1 Kb8 72. Rf8+ Ka7 73.
Rd8 Rc1 74. Rd5 Kb8 75. Kd6 Kb7 76. Rd2 Rc3 77. Rb2+ Kc8 78. Kc6 Rc1 79. Re2 Kb8
80. Re6 Rc2 81. Kb6 Rb2+ 82. Kc6 Rc2 83. Re8+ Ka7 84. Kd6 Kb7 85. Re7+ Kc8 86.
Kc6 Kb8 87. Rb7+ Kc8 88. Rb5 Rc1 89. Ra5 Kb8 90. Kd7 Rd1+ 91. Kc6 Rc1 92. Ra3
Rc2 93. Rd3 Kc8 94. Rh3 Kb8 95. Rh8+ Ka7 96. Rd8 Rc1 97. Rd5 Kb8 98. Kd7 Kb7 99.
c6+ Rxc6 100. Rb5+ Rb6 101. Rxb6+ Kxb6 1/2-1/2

[Event "67th ch-RUS w 2017"]
[Site "St Petersburg RUS"]
[Date "2017.12.14"]
[Round "11.6"]
[White "Shuvalova, Polina"]
[Black "Goryachkina, Aleksandra"]
[Result "1/2-1/2"]
[WhiteTitle "WIM"]
[BlackTitle "WGM"]
[WhiteElo "2385"]
[BlackElo "2486"]
[WhiteFideId "24171760"]
[BlackFideId "4147103"]
[EventDate "2017.12.03"]

1. e4 e6 2. d4 d5 3. Nd2 c5 4. exd5 Qxd5 5. Ngf3 cxd4 6. Bc4 Qd7 7. O-O Nc6 8.
Nb3 a6 9. Nbxd4 Nxd4 10. Nxd4 Qc7 11. Bd3 Bd6 12. h3 Nf6 13. Bg5 Bh2+ 14. Kh1
Be5 15. c3 h6 16. Bd2 O-O 17. Re1 Bd7 18. Nf3 Bf4 19. Bxf4 Qxf4 20. Qe2 Qc7 21.
c4 a5 22. Ne5 Rfd8 23. Rad1 Bc6 24. Bb1 b6 25. Bc2 Qb7 26. Kh2 Rac8 27. Rd3 Rxd3
28. Qxd3 Qc7 29. Kg1 Rd8 30. Qe2 Ba8 31. Rd1 Rxd1+ 32. Qxd1 Kf8 33. Ba4 Ke7 34.
Qd4 Bb7 35. a3 Qc5 36. Qxc5+ bxc5 37. f3 g5 38. h4 Nh7 39. Bc2 Nf6 40. Ba4 Nh7
41. Bc2 Nf6 1/2-1/2